| 000 | 01216nas a2200409 4500 | ||
|---|---|---|---|
| 001 | BR0302448 | ||
| 003 | BR-BrBNA | ||
| 005 | 20231205103803.0 | ||
| 007 | ta | ||
| 008 | 230509b bl.|||p| |||| 00| 00por d | ||
| 040 |
_aBR-BrBNA _bpor _cBiblioteca Nacional de Agricultura |
||
| 041 | _a(Pt) | ||
| 072 | _aF61; F60 | ||
| 100 | 1 | _aMiranda, J.R.P. | |
| 100 | 1 | _aCarvalho, J.G. | |
| 100 | 1 | _aSantos, D.R. | |
| 100 | 1 | _aFreire, A.L.O. | |
| 100 | 1 | _aBertoni, J.C. | |
| 100 | 1 | _aMelo, J.R.M. | |
| 100 | 1 | _aCaldas, A.L. | |
| 245 | 1 | _aSilício e cloreto de sódio na nutrição mineral e produção de matéria seca de plantas de moringa (Moringa oleifera Lam.) | |
| 650 | _aCUIA | ||
| 650 | _aPRODUÇÃO VEGETAL | ||
| 650 | _aMATÉRIA SECA | ||
| 650 | _aSILÍCIO | ||
| 650 | _aCLORETO DE SÓDIO | ||
| 650 | _aESTUFA | ||
| 650 | _aSOLUÇÃO NUTRITIVA | ||
| 650 | _aNUTRIÇÃO VEGETAL | ||
| 650 | _aABSORÇÃO DE NUTRIENTES | ||
| 650 | _aFOLHA | ||
| 650 | _aSALINIDADE | ||
| 650 | _aSTRESS | ||
| 773 | 0 |
_tRevista Brasileira de Ciência do Solo (Brazil) _xISSN 0100-0683 _g(Oct-Dec 2002), v. 26(4) p. 957-965 _wBR0302448 |
|
| 909 |
_a202311 _bLúcia _c55 _dLúcia Elande |
||
| 942 |
_2AGRIS _n0 _cANA |
||
| 999 |
_c174728 _d174728 |
||